| 000 | 00459nam a22001457a 4500 | ||
|---|---|---|---|
| 005 | 20250930122414.0 | ||
| 020 | _a978-81-931978-9-9 | ||
| 082 | _a632.51 YAD | ||
| 100 | _aYADURAJU, N.T. et al, Ed. | ||
| 245 | _aWeed science and management | ||
| 260 |
_aJabalpur _aNew Delhi _bIndian Society of Weed Science _bIndian Society of Agronomy _c2016 |
||
| 300 |
_a401p. _bpaper bound |
||
| 650 |
_aWeed biology _aHerbicides _aClimate change _aWeed research |
||
| 942 | _cBK | ||
| 999 |
_c75678 _d75678 |
||